| 000 | 00572nam a2200229Ia 4500 | ||
|---|---|---|---|
| 003 | OSt | ||
| 005 | 20230515163819.0 | ||
| 008 | 210423s2011 xx 000 0 und d | ||
| 020 | _a9780763783665 | ||
| 040 | _cAL | ||
| 041 | _aeng | ||
| 082 |
_a574.87 _223 _bCASL |
||
| 100 |
_aCASSIMERIS (Lynne) and others, eds. _9104534 |
||
| 245 | _aLewins cells | ||
| 250 | _a2 | ||
| 260 |
_aBoston _bJones & Bartlett Publishers _c2011 |
||
| 300 |
_axxiv,1053 _bPB |
||
| 365 |
_b3359 _cINR |
||
| 650 |
_aCell Biology _9104535 |
||
| 906 | _acells. ; Lewins | ||
| 942 |
_2ddc _cBK |
||
| 999 |
_c164413 _d164413 |
||